| 000 | 00710cam a2200253 a 4500 | ||
|---|---|---|---|
| 001 | 951636 | ||
| 003 | OSt | ||
| 005 | 20160224151424.0 | ||
| 008 | 840621s1984 caub 000 1 eng | ||
| 010 | _a 84012895 | ||
| 020 | _a0151544964 | ||
| 040 | _aSEKU | ||
| 050 | 0 | 0 |
_aPS 3560 .A3 _bL6 1984 |
| 100 | 1 |
_aJakes, John, _d1932- |
|
| 245 | 1 | 0 |
_aLove and war / _cJohn Jakes. |
| 250 | _a1st ed. | ||
| 260 |
_aSan Diego : _bHarcourt Brace Jovanovich, _cc1984. |
||
| 300 |
_a1019 p. : _bmaps ; _c24 cm. |
||
| 500 | _aMaps on lining papers. | ||
| 651 | 0 |
_aUnited States _xHistory _yCivil War, 1861-1865 _xFiction. |
|
| 655 | 7 |
_aHistorical fiction. _2gsafd |
|
| 655 | 7 |
_aWar stories. _2gsafd |
|
| 942 |
_2lcc _cGEN |
||
| 999 |
_c11455 _d11455 |
||